|
|
|
|
| LEADER |
00000nam0a2200000 4500 |
| 001 |
289557 |
| 005 |
20231102000211.0 |
| 020 |
|
|
|a RU
|b 83-42444
|
| 035 |
|
|
|a (RuTPU)RU\TPU\book\314068
|
| 090 |
|
|
|a 289557
|
| 100 |
|
|
|a 20150401d1983 km y0rusy5003 ca
|
| 101 |
0 |
|
|a rus
|
| 102 |
|
|
|a RU
|
| 105 |
|
|
|a a z 001zy
|
| 200 |
1 |
|
|a Производство асбестовых технических изделий
|f Н. П. Шанин, М. М. Бородулин, Ю. Я. Колбовский
|g под ред. В. Н. Красовского
|
| 210 |
|
|
|a Ленинград
|c Химия
|d 1983
|
| 215 |
|
|
|a 240 с.
|c ил.
|
| 320 |
|
|
|a Библиогр.: с. 233-235
|
| 320 |
|
|
|a Предметный указатель: с. 235-239
|
| 606 |
1 |
|
|a Асбестовые изделия технические
|x Производство
|2 stltpush
|3 (RuTPU)RU\TPU\subj\29505
|9 52817
|
| 610 |
1 |
|
|a применение
|
| 610 |
1 |
|
|a композиции
|
| 610 |
1 |
|
|a фрикционные изделия
|
| 610 |
1 |
|
|a асбестоцементные материалы
|
| 610 |
1 |
|
|a физико-механические свойства
|
| 610 |
1 |
|
|a брикетирование
|
| 610 |
1 |
|
|a формование
|
| 610 |
1 |
|
|a термическая обработка
|
| 610 |
1 |
|
|a механическая обработка
|
| 610 |
1 |
|
|a испытания
|
| 610 |
1 |
|
|a паронит
|
| 610 |
1 |
|
|a экономика
|
| 675 |
|
|
|a 679.867
|z rus
|v 3
|
| 700 |
|
1 |
|a Шанин
|b Н. П.
|g Николай Петрович
|4 070
|
| 701 |
|
1 |
|a Бородулин
|b М. М.
|g Михаил Михайлович
|
| 701 |
|
1 |
|a Колбовский
|b Ю. Я.
|g Юлис Яковлевич
|
| 702 |
|
1 |
|a Красовский
|b В. Н.
|4 340
|
| 801 |
|
0 |
|a RU
|b RuMRKP
|c 19950704
|g psbo
|
| 801 |
|
1 |
|a RU
|b 63413507
|c 20150401
|
| 801 |
|
2 |
|a RU
|b 63413507
|c 20180328
|g RCR
|
| 942 |
|
|
|c BK
|